| Registos Bibliográficos associados ao registo de autoridade |
|
Etiqueta de registo: 00000nam 2200025 450 001 2275896 003 http://id.bnportugal.gov.pt/bib/catbnp/2275896 100 ## $a20260304d2023 k y0pory01030103ba 101 0# $aeng$dpor 102 ## $aPT 105 ## $aa m 000yy 106 ## $ar 200 1# $aTowards an integrated vulnerability-based approach for evaluating, managing and mitigating
earthquake risk in urban areas$fRafael Ramirez Eudave$gsupervision of Tiago Miguel dos Santos Ferreira, Paulo José Brandão Barbosa Lourenço 210 #9 $a[S.l.$cs.n.],$d2023 215 ## $aXVIII, 231 p.$d30 cm 328 #1 $aTese dout. Engenharia Civil, Escola de Engenharia, Universidade do Minho, 2023 675 ## $a624.01(043)$vBN$zpor$3302231 700 #1 $aRamirez Eudave,$bRafael$31988996 702 #1 $aFerreira,$bTiago Miguel dos Santos$4727$31628948 702 #1 $aLourenço,$bPaulo B.,$f1967-$4727$3685767 801 #0 $aPT$bBN$gRPC 966 ## $lBN$mFGMON$sS.A. 193596 V.$x1 971 ## $corlando$d20260304 972 ## $e0$z0$d20260422$vlrevez 973 ## $csteixeira$d20260416
|
|
|